000
00365nam a2200145Ia 4500
008
230718s9999 xx 000 0 und d
041
_a
Eng.
082
_a
500
_b
عال-ہ
100
_a
عالم ، حمیرا
245
0
_a
ہار کامہ کی سانس
260
_a
Pakistan
_b
اردو ساتلی مورو
_c
1983
300
_a
193
650
_a
Law
999
_c
28830
_d
28830